00431 2200157 4500001002100000005001500021035002000036245008800056100001500144300001200159260004600171082000800217084001400225020002200239990001200261INLIS00000000000261820250605024225 a0010-06250002041 aSuper Modul KSN Matematika 1 :bTeori Bilangan Kombinatorka & Peluang /cAmak Asofi0 aAmak Asofi a205 hlm aJakarta :bPT. Jakarta Sains Media,c2022 a510 a510 AMA s a978-623-6111-44-4 a0754844